000 00551nam a2200169 i 4500
001 31704
003 ES-MaACL
005 20230906154429.0
007 t|
008 030129s1971 sp ||||1| spa d
100 1 _aBedat, Claude.
_926987
245 1 3 _aEl escultor Felipe de Castro /
_cClaude Bedat.
260 _aSantiago de Compostela :
_bInstituto P. Sarmiento de Estudios Gallegos,
_c1971.
300 _aXII, 148 p., 20 lám. ;
_c24 cm.
710 0 0 _aInstituto de Estudios Gallegos "Padre Sarmiento"
_94903
852 _aES-MaACL
_jC-42709
_bR.82202
999 _c31704
_d31704